000 00654nam a2200145 a 4500
001 000041000
005 20201002034536.0
008 130912s dr 000 0 spa d
040 _aDO-SdBNP
_bspa
_cBNPHU
110 1 _aRepública Dominicana
_9447
240 1 0 _a[Leyes, etc.]
245 1 0 _aLey no. 138-11 :
_bley orgánica del Consejo Nacional de la Magistratura : ley 137-11, ley orgánica del Tribunal Constitucional y de los procedimientos constitucionales (mod. por la ley 145--11 del 4--07-2011) : ley no.133-11, ley orgánica del Ministerio Público.
260 _aMoca, República Dominicana :
_bEditora Dalis,
_c[200?].
300 _a92 p. ;
_c22 cm.
999 _c40490
_d40490